000 00801cab a2200217 4500
001 X2535
008 090401t1995 xxu||||| |||| 00| 0 eng d
035 _a(Sirsi) u24867
041 _aeng
245 _aElmbridge BC v Wendy Fair Markets Ltd
260 _c1995
350 _a0
490 _aJournal of Planning and Environment Law
_v1995 JPL 928-930(3)
520 _aCA 18 October 1995. Stop notice - Sunday markets - application for leave to appeal - application for a stay of all proceedings - enforcement notice appeal pending - appeal against refusal of planning permission pending - application for leave granted.
650 _aSTOP NOTICE
650 _aSUNDAY MARKETS
650 _aSUNDAY TRADING
690 _aPLANNING LAW AND PRACTICE-CASE LAW
942 _n0
948 _c04/03/1997
999 _c16679
_d16679